Southville International School and Colleges
Your cart is empty.
  • Cart
  • Lists
    Public lists Eva Luna New books Lux_list list_1
    Your lists Log in to create your own lists
  • Log in to your account
  • Your cookies
  • Search history
Southville International School and Colleges
  • Advanced search
  • Recent comments
  • Most popular
  • Libraries

Log in to your account

Log in with GOOGLE


If you do not have an external account, but do have a local account, you can still log in:

  1. Home
  2. MARC view: Niki's walk /
Normal view MARC view ISBD view

Niki's walk / (Record no. 113601)

[ view plain ]
MARC details
000 -LEADER
fixed length control field 00495nam a2200193 a 4500
005 - DATE AND TIME OF LATEST TRANSACTION
control field 20140414132029.0
008 - FIXED-LENGTH DATA ELEMENTS--GENERAL INFORMATION
fixed length control field 040603s19uu xx 00 eng d
020 ## - INTERNATIONAL STANDARD BOOK NUMBER
International Standard Book Number 0-8136-3947-6
050 ## - LIBRARY OF CONGRESS CALL NUMBER
Classification number TR
Item number N59 1987
100 ## - MAIN ENTRY--PERSONAL NAME
Personal name Tanner, Jane
245 ## - TITLE STATEMENT
Title Niki's walk /
Statement of responsibility, etc Jane Tanner.
260 ## - PUBLICATION, DISTRIBUTION, ETC. (IMPRINT)
Place of publication, distribution, etc [s.l.] :
Name of publisher, distributor, etc Modern Curriculum Press,
Date of publication, distribution, etc 1987.
300 ## - PHYSICAL DESCRIPTION
Extent 1 v. : ill. ; cm.
500 ## - GENERAL NOTE
General note TR/PS
650 ## - SUBJECT ADDED ENTRY--TOPICAL TERM
Topical term or geographic name as entry element Picture book without words.
Holdings
Withdrawn status Lost status Damaged status Use restrictions Home library Current library Shelving location Date acquired Source of acquisition Total Checkouts Full call number Barcode Date last seen Price effective from Koha item type
        Munich Library Munich Library Teachers Reference Section 06/03/2004     TR N59 1987 M5195 04/14/2014 04/14/2014 Books
        Munich Library Munich Library Teachers Reference Section 06/03/2004     TR N59 1987 M5196 04/14/2014 04/14/2014 Books
        Munich Library Munich Library Teachers Reference Section 03/17/2011     TR N59 1987 M5197 04/14/2014 04/14/2014 Books

Niki's walk /

APA

Tanner J., . (1987). Niki's walk. [s.l.]: Modern Curriculum Press.

Chicago

Tanner Jane, . 1987. Niki's walk. [s.l.]: Modern Curriculum Press.

Harvard

Tanner J., . (1987). Niki's walk. [s.l.]: Modern Curriculum Press.

MLA

Tanner Jane, . Niki's walk. [s.l.]: Modern Curriculum Press. 1987.

  • Place hold
  • Print
  • Cite
  • Add to your cart (remove)
  • Save record
    BIBTEX Dublin Core MARCXML MARC (non-Unicode/MARC-8) MARC (Unicode/UTF-8) MARC (Unicode/UTF-8, Standard) MODS (XML) RIS
  • More searches
    Search for this title in:
    Other Libraries (WorldCat) Other Databases (Google Scholar) Online Stores (Bookfinder.com) Open Library (openlibrary.org)

Exporting to Dublin Core...

SOUTHVILLE LIBRARY

Southville International School and Colleges Library

1281 Tropical Ave. Cor. Luxembourg St., BF Homes International, Las Pinas City

Tel. No. 8256374 / 252358 Loc. 117/146

Powered by Koha